Diputació de Barcelona : Qui som? : Perquè ningú es quedi enrere Perquè ningú es quedi enrere
Descripción Física:
1 tríptic DIN A-5 ; il·lustracions color ; 15 x 21 cm
Idioma:
Catalán
MARC
| LEADER | 00000nam a22000007a 4500 | ||
|---|---|---|---|
| 001 | 28439, 28440 | ||
| 003 | AGDB | ||
| 005 | 20260324181522.0 | ||
| 008 | 240318b spa||||| |||| 00| 0 cat d | ||
| 017 | |a B 16970-2023 | ||
| 017 | |a B 13210-2023 | ||
| 040 | |a agdb |b cat | ||
| 041 | |a cat | ||
| 110 | 1 | |a Barcelona (Catalunya : Província). |b Diputació |9 52408 | |
| 245 | |a Diputació de Barcelona : Qui som? : |b Perquè ningú es quedi enrere | ||
| 250 | |a Setembre 2023 | ||
| 260 | |a Barcelona : |b Diputació de Barcelona ; |c 2023 | ||
| 300 | |a 1 tríptic DIN A-5 ; |b il·lustracions color ; |c 15 x 21 cm | ||
| 546 | |a També en castellà (R. 28441), anglès (R. 28442) i francès (R. 28443) | ||
| 610 | 1 | 0 | |a Barcelona (Catalunya : Província). |b Diputació |9 52408 |
| 655 | 0 | |a Fulletons |9 55858 | |
| 942 | |c ARXIU |2 udc |n 1 | ||
| 952 | |0 0 |1 0 |4 0 |6 FU7687 |7 1 |9 96859 |a Arxiu |b Arxiu |d 2024-03-18 |h Ed. Setembre 2023 |l 0 |o FU-76-87 |p 28439 |r 2024-03-18 00:00:00 |w 2024-03-18 |y ARXIU | ||
| 952 | |0 0 |1 0 |4 0 |6 FU7688 |7 1 |9 96860 |a Arxiu |b Arxiu |d 2024-03-18 |l 0 |o FU-76-88 |p 28440 |r 2024-03-18 00:00:00 |w 2024-03-18 |y ARXIU | ||
| 999 | |c 128696 |d 128696 | ||